000 00296nam a22001217a 4500
008 180316b xxu||||| |||| 00| 0 eng d
041 _aeng
080 _a781
100 _a45
101 _aMUZ
245 _aEnglish, French, German and Italian Techniques of Singing
_cMiller, R
942 _2udc
_cBK
999 _c45264
_d45264